|
|
|
|
| LEADER |
00641cam a2200205 7i4500 |
| 001 |
0000022041 |
| 005 |
20090709090000.0 |
| 008 |
080422 |
| 020 |
|
|
|a 1862871655 (pbk.)
|
| 040 |
|
|
|a OhCoOLI
|
| 090 |
0 |
0 |
|a KU47
|b .W37 1995
|
| 100 |
1 |
|
|a Watt, Robert
|
| 245 |
1 |
0 |
|a Concise legal research
|c Robert Watt.
|
| 250 |
|
|
|a 2nd ed.
|
| 260 |
|
|
|a Sydney:
|b Federation Press,
|c 1995.
|
| 300 |
|
|
|a viii, 256 p.:
|b ill.;
|c 21 cm.
|
| 504 |
|
|
|a Includes bibliographical references and index
|
| 650 |
0 |
0 |
|a Legal research --
|z Australia
|
| 650 |
0 |
0 |
|a Legal research
|
| 999 |
|
|
|a 0000028092
|b BOK
|c OPEN SHELF
|e 1st Floor, Bestari Jaya
|